Tuareg /
Los tuareg, auténticos hijos y dueños del desierto, constituyen un pueblo fuerte y altivo, con un código moral distinto al de los pueblos árabes. Gacel Sayah es un noble inmouchar, señor absoluto de un enorme territorio, que debe enfrentarse a unos extranjeros que violan las sagradas leyes de la hos...
Guardado en:
| Autor Principal: | |
|---|---|
| Formato: | Libro |
| Idioma: | Undetermined |
| Publicado: |
Barcelona :
RBA,
c1993.
|
| Series: | Grandes éxitos ;
6 |
| Materias: | |
| Etiquetas: |
Agregar Etiqueta
Sin Etiquetas, Sea el primero en etiquetar este registro!
|
| LEADER | 01060nam a22001935a 4500 | ||
|---|---|---|---|
| 001 | CEM.cems024410 | ||
| 008 | 241213s1993####sp############000#0#und#d | ||
| 005 | 20241216134232.0 | ||
| 245 | 1 | 0 | |a Tuareg / |c Alberto Vázquez-Figueroa. |
| 260 | |a Barcelona : |b RBA, |c c1993. | ||
| 300 | |a 400 p. | ||
| 490 | 1 | |a Grandes éxitos ; |v 6 | |
| 520 | |a Los tuareg, auténticos hijos y dueños del desierto, constituyen un pueblo fuerte y altivo, con un código moral distinto al de los pueblos árabes. Gacel Sayah es un noble inmouchar, señor absoluto de un enorme territorio, que debe enfrentarse a unos extranjeros que violan las sagradas leyes de la hospitalidad. Vázquez-Figueroa, gran conocedor de los tuareg, realiza en esta novela un encendido canto a tan singular cultura. Esta obra ha sido llevada al cine por Enzo G. Castellari. | ||
| 020 | |a 8447301427 | ||
| 100 | 1 | |a Vázquez-Figueroa, Alberto. | |
| 653 | |a Literatura hispanoamericana | ||
| 653 | |a Novela colombiana | ||
| 653 | |a Literatura colombiana | ||
| 859 | |a CEMS |b BIB. CEMS - 11 de abril |h C863.4 |i V479-1 |p 29688.24 |t Ej.1 | ||
